| 000 | 00526nam a2200181 i 4500 | ||
|---|---|---|---|
| 001 | 105542 | ||
| 003 | ES-MaACL | ||
| 007 | t| | ||
| 008 | 060724s1955 bo ||||1| spa d | ||
| 080 | _a821.134.2(84)-31"19" | ||
| 100 | 1 |
_aMedinaceli, Carlos. _979763 |
|
| 245 | 1 | 3 |
_aLa chaskañawi _b: (novela de costumbres bolivianas) / _cCarlos Medinaceli. |
| 250 | _a2ª ed. | ||
| 260 |
_aLa Paz : _bJuventud, _c1955. |
||
| 300 |
_a246 p. ; _c21 cm. |
||
| 500 | _aBiblioteca Juan Andrade. | ||
| 852 |
_aES-MaACL _jAND-342 _bR.109647 |
||
| 999 |
_c105542 _d105542 |
||